Urban environmental governance (Record no. 508685)

MARC details
000 -LEADER
fixed length control field 00787nam a2200253Ia 4500
003 - CONTROL NUMBER IDENTIFIER
control field OSt
005 - DATE AND TIME OF LATEST TRANSACTION
control field 20220925184730.0
008 - FIXED-LENGTH DATA ELEMENTS--GENERAL INFORMATION
fixed length control field 220923b |||||||| |||| 00| 0 eng d
020 ## - INTERNATIONAL STANDARD BOOK NUMBER
International Standard Book Number 0754615642
037 ## - SOURCE OF ACQUISITION
Terms of availability General Book
040 ## - CATALOGING SOURCE
Original cataloging agency RTL
Transcribing agency RTL
Language of cataloging eng
041 ## - LANGUAGE CODE
Source of code eng
Language code of text/sound track or separate title eng
100 ## - MAIN ENTRY--PERSONAL NAME
Personal name Escudero Ceear Nava
9 (RLIN) 231152
245 #0 - TITLE STATEMENT
Title Urban environmental governance
Remainder of title Comparing air qua
260 ## - PUBLICATION, DISTRIBUTION, ETC.
Place of publication, distribution, etc. Aldershot
Name of publisher, distributor, etc. Ashgate
Date of publication, distribution, etc. 2001
300 ## - PHYSICAL DESCRIPTION
Extent xiv,267p. 267p.Bib p. 236-58
Dimensions cm.
500 ## - GENERAL NOTE
General note Political economy of Latin America
650 ## - SUBJECT ADDED ENTRY--TOPICAL TERM
Topical term or geographic name entry element Geography - Environment
9 (RLIN) 229896
942 ## - ADDED ENTRY ELEMENTS (KOHA)
Classification part U:(G:558).30m74.P, P1
Koha item type General Books
Source of classification or shelving scheme Colon Classification (CC)

No items available.

Copyright @ Delhi University Library System